=LDR 00000nam 2200000 4500 =001 INLIS000000000011627 =005 20130612103156 =008 ***********************************Eng** =035 ##$$0010-061300000011627 =041 ##$$a Eng =082 ##$$a 726 =090 ##$$a 726, Mur t =100 ##$$a Murcipto =245 ##$$a The Ciwa temple of Prambanan, Drs.Moertjipto =260 ##$$a 1992 $b Yogyakarta =300 ##$$a 76 hlm., =650 ##$$ac20 cm =850 ##$$a Candi Prambanan